LEADER 01687nam 2200529 450 001 9910155630303321 005 20160321151108.0 010 $a1-5124-2617-2 035 $a(CKB)3710000000975373 035 $a(DLC) 2016013986 035 $a(MiAaPQ)EBC5477277 035 $a(EXLCZ)993710000000975373 100 $a20160321h20172017 uy| 1 101 0 $aeng 135 $aur||||||||||| 181 $2rdacontent 182 $2rdamedia 183 $2rdacarrier 200 10$aMiddlemarch /$fby George Eliot 210 1$aMinneapolis :$cFirst Avenue Editions, a division of Lerner Publishing Group,$d[2017] 210 4$dİ2017 215 $a1 online resource 225 1 $aFirst Avenue Classics 311 08$aOnline version: Eliot, George, 1819-1880, author. Middlemarch Minneapolis : First Avenue Editions, a division of Lerner Publishing Group, [2017] 9781512426175 (DLC) 2016013986 410 0$aFirst Avenue classics. 606 $aTriangles (Interpersonal relations)$vFiction 606 $aCity and town life$zEngland$vFiction 606 $aYoung women$zEngland$vFiction 606 $aSocial reformers$vFiction 606 $aMarried people$vFiction 606 $aScholars$vFiction 608 $aElectronic books. 615 0$aTriangles (Interpersonal relations) 615 0$aCity and town life 615 0$aYoung women 615 0$aSocial reformers 615 0$aMarried people 615 0$aScholars 676 $a823/.8 700 $aEliot$b George$f1819-1880,$0165372 801 0$bMiAaPQ 801 1$bMiAaPQ 801 2$bMiAaPQ 906 $aBOOK 912 $a9910155630303321 996 $aMiddlemarch$971231 997 $aUNINA